[Event "11th Dolomiti Open 2020"]
[Site "Forni di Sopra"]
[Date "2020.10.01"]
[Round "7.5"]
[White "Cumming, Rhys"]
[Black "Andolfatto, Maria"]
[Result "1-0"]
[WhiteElo "2299"]
[BlackElo "2002"]
[Annotator "ChessBase"]
[PlyCount "51"]
[EventDate "2020.09.26"]
[EventType "swiss"]
[EventCountry "ITA"]
[SourceTitle "playchess.com"]
[Source "ChessBase"]
[SourceQuality "1"]
[TimeControl "40/5400+30:1800+30"]

1. e4 {[%emt 0:06:30]} e5 {[%emt 0:00:00]} 2. Nf3 {[%emt 0:00:06]} Nc6 {[%emt 0:00:00]} 3. Nc3 {[%emt 0:00:14]} Nf6 {[%emt 0:00:00]} 4. Bb5 {[%emt 0:00:07]} Bd6 {[%emt 0:00:31]} 5. a3 {[%emt 0:00:32]} Nd4 {[%emt 0:02:50]} 6. Bc4 {[%emt 0:05:41]} Nxf3+ {[%emt 0:02:07]} 7. gxf3 {[%emt 0:01:30]} Bc5 {[%emt 0:07:35]} 8. d3 {[%emt 0:06:05]} d6 {[%emt 0:03:04]} 9. Rg1 {[%emt 0:04:08]} Nh5 {[%emt 0:07:40]} 10. Bg5 {[%emt 0:07:49]} Qd7 {[%emt 0:12:05]} 11. f4 {[%emt 0:09:56]} Qh3 {[%emt 0:04:06]} 12. Qd2 {[%emt 0:13:49]} f6 {[%emt 0:06:48]} 13. fxe5 {[%emt 0:03:21]} fxg5 {[%emt 0:13:25]} 14. d4 {[%emt 0:01:51]} dxe5 {[%emt 0:15:10]} 15. dxc5 {[%emt 0:01:00]} Be6 {[%emt 0:09:06]} 16. Bxe6 {[%emt 0:01:48]} Qxe6 {[%emt 0:00:06]} 17. Qxg5 {[%emt 0:00:36]} g6 {[%emt 0:05:04]} 18. Nd5 {[%emt 0:02:07]} Rc8 {[%emt 0:01:39]} 19. O-O-O {[%emt 0:00:46]} Kf7 {[%emt 0:01:07]} 20. Rd3 {[%emt 0:09:43]} c6 {[%emt 0:05:28]} 21. Rf3+ {[%emt 0:00:14]} Ke8 {[%emt 0:00:42]} 22. Nf6+ {[%emt 0:02:13]} Nxf6 {[%emt 0:00:06]} 23. Rxf6 {[%emt 0:00:54]} Qe7 {[%emt 0:00:34]} 24. Rd1 {[%emt 0:02:21]} Rf8 {[%emt 0:01:41]} 25. Qg4 {[%emt 0:00:30]} Qxf6 {[%emt 0:00:41]} 26. Qd7# {[%emt 0:00:07]} 1-0

[Event "11th Dolomiti Open 2020"]
[Site "Forni di Sopra"]
[Date "2020.10.01"]
[Round "7.6"]
[White "Seresin, Francesco"]
[Black "Fecker, Noah"]
[Result "1-0"]
[WhiteElo "2371"]
[BlackElo "2345"]
[Annotator "ChessBase"]
[PlyCount "69"]
[EventDate "2020.09.26"]
[EventType "swiss"]
[EventCountry "ITA"]
[SourceTitle "playchess.com"]
[Source "ChessBase"]
[SourceQuality "1"]
[TimeControl "40/5400+30:1800+30"]

1. c4 {[%emt 0:00:01]} c5 {[%emt 0:00:00]} 2. Nc3 {[%emt 0:00:44]} Nc6 {[%emt 0:00:00]} 3. Nf3 {[%emt 0:00:29]} e5 {[%emt 0:01:33]} 4. e3 {[%emt 0:01:44]} Nf6 {[%emt 0:00:16]} 5. d4 {[%emt 0:01:26]} cxd4 {[%emt 0:00:14]} 6. exd4 {[%emt 0:00:09]} e4 {[%emt 0:00:10]} 7. Ne5 {[%emt 0:02:00]} Bb4 {[%emt 0:01:10]} 8. Nxc6 {[%emt 0:01:56]} dxc6 {[%emt 0:04:31]} 9. Be2 {[%emt 0:00:42]} O-O {[%emt 0:04:54]} 10. O-O {[%emt 0:02:03]} h6 {[%emt 0:09:15]} 11. Bf4 {[%emt 0:07:49]} Re8 {[%emt 0:04:36]} 12. Qd2 {[%emt 0:05:33]} Bf5 {[%emt 0:03:03]} 13. a3 {[%emt 0:05:27]} Bd6 {[%emt 0:04:40]} 14. Rad1 {[%emt 0:02:47]} Qc7 {[%emt 0:03:13]} 15. Bxd6 {[%emt 0:06:06]} Qxd6 {[%emt 0:00:08]} 16. Qe3 {[%emt 0:04:25]} Rad8 {[%emt 0:11:30]} 17. h3 {[%emt 0:05:21]} a6 {[%emt 0:06:24]} 18. Rd2 {[%emt 0:08:45]} Bg6 {[%emt 0:14:43]} 19. Rfd1 {[%emt 0:06:50]} Kh7 {[%emt 0:01:18]} 20. b4 {[%emt 0:07:53]} Qf8 {[%emt 0:02:06]} 21. d5 {[%emt 0:05:14]} Rc8 {[%emt 0:03:22]} 22. c5 {[%emt 0:03:15]} Re5 {[%emt 0:04:04]} 23. dxc6 {[%emt 0:03:35]} Rxc6 {[%emt 0:00:21]} 24. Nd5 {[%emt 0:01:06]} Ne8 {[%emt 0:05:46]} 25. Nb6 {[%emt 0:03:33]} Bf5 {[%emt 0:02:16]} 26. Qf4 {[%emt 0:02:39]} f6 {[%emt 0:00:53]} 27. Nd7 {[%emt 0:03:17]} Bxd7 {[%emt 0:00:10]} 28. Rxd7 {[%emt 0:00:05]} Nc7 {[%emt 0:02:03]} 29. Bg4 {[%emt 0:00:28]} Ne6 {[%emt 0:02:28]} 30. Bxe6 {[%emt 0:01:21]} Rcxe6 {[%emt 0:00:05]} 31. Rxb7 {[%emt 0:00:26]} e3 {[%emt 0:00:18]} 32. fxe3 {[%emt 0:00:05]} Rxe3 {[%emt 0:00:06]} 33. Rdd7 {[%emt 0:01:06]} R3e5 {[%emt 0:00:30]} 34. Rf7 {[%emt 0:03:32]} Qg8 {[%emt 0:00:03]} 35. Qg4 {[%emt 0:00:24]} 1-0

[Event "11th Dolomiti Open 2020"]
[Site "Forni di Sopra"]
[Date "2020.10.01"]
[Round "7.7"]
[White "Simonetto, Andrea"]
[Black "Blake, J Morgan"]
[Result "1-0"]
[WhiteElo "2195"]
[BlackElo "1982"]
[Annotator "ChessBase"]
[PlyCount "135"]
[EventDate "2020.09.26"]
[EventType "swiss"]
[EventCountry "ITA"]
[SourceTitle "playchess.com"]
[Source "ChessBase"]
[SourceQuality "1"]
[TimeControl "40/5400+30:1800+30"]

1. Nf3 {[%emt 0:00:00]} d5 {[%emt 0:00:00]} 2. e3 {[%emt 0:00:00]} Nf6 {[%emt 0:00:00]} 3. c4 {[%emt 0:00:00]} e6 {[%emt 0:00:00]} 4. Nc3 {[%emt 0:00:53]} c5 {[%emt 0:01:45]} 5. cxd5 {[%emt 0:01:50]} exd5 {[%emt 0:07:19]} 6. d4 {[%emt 0:01:06]} Nc6 {[%emt 0:01:19]} 7. Be2 {[%emt 0:03:24]} Be7 {[%emt 0:06:11]} 8. O-O {[%emt 0:03:04]} O-O {[%emt 0:00:31]} 9. b3 {[%emt 0:04:37]} Ne4 {[%emt 0:32:11]} 10. Bb2 {[%emt 0:16:30]} cxd4 {[%emt 0:05:50]} 11. Nxe4 {[%emt 0:04:59]} dxe4 {[%emt 0:00:52]} 12. Nxd4 {[%emt 0:00:26]} Nxd4 {[%emt 0:06:04]} 13. Bxd4 {[%emt 0:01:53]} Bf6 {[%emt 0:02:29]} 14. Bxf6 {[%emt 0:14:04]} Qxf6 {[%emt 0:00:04]} 15. Qd5 {[%emt 0:00:05]} Qg6 {[%emt 0:18:40]} 16. Rfd1 {[%emt 0:02:25]} Rb8 {[%emt 0:02:51]} 17. Rd4 {[%emt 0:03:08]} Bf5 {[%emt 0:02:40]} 18. Rc1 {[%emt 0:01:42]} Qe6 {[%emt 0:04:11]} 19. Qxe6 {[%emt 0:12:21]} Bxe6 {[%emt 0:02:08]} 20. Rxe4 {[%emt 0:00:43]} Rfc8 {[%emt 0:01:22]} 21. Rd1 {[%emt 0:03:23]} Rc2 {[%emt 0:01:31]} 22. Bc4 {[%emt 0:00:09]} Re8 {[%emt 0:01:15]} 23. a4 {[%emt 0:04:45]} Kf8 {[%emt 0:00:31]} 24. Bxe6 {[%emt 0:05:17]} Rxe6 {[%emt 0:00:34]} 25. Rxe6 {[%emt 0:06:31]} fxe6 {[%emt 0:00:02]} 26. Kf1 {[%emt 0:00:02]} Ke7 {[%emt 0:00:29]} 27. Rd3 {[%emt 0:00:19]} Rb2 {[%emt 0:00:18]} 28. g4 {[%emt 0:00:13]} g5 {[%emt 0:00:18]} 29. Kg2 {[%emt 0:00:14]} Ra2 {[%emt 0:00:33]} 30. Kg3 {[%emt 0:00:06]} e5 {[%emt 0:00:44]} 31. f3 {[%emt 0:00:51]} Rb2 {[%emt 0:00:05]} 32. h3 {[%emt 0:01:37]} h6 {[%emt 0:01:42]} 33. f4 {[%emt 0:01:05]} gxf4+ {[%emt 0:00:03]} 34. exf4 {[%emt 0:00:03]} e4 {[%emt 0:00:30]} 35. Re3 {[%emt 0:00:35]} Kd6 {[%emt 0:00:02]} 36. Rxe4 {[%emt 0:00:20]} Rxb3+ {[%emt 0:00:02]} 37. Kh4 {[%emt 0:00:07]} a5 {[%emt 0:00:51]} 38. Re5 {[%emt 0:05:47]} b6 {[%emt 0:00:41]} 39. Rh5 {[%emt 0:00:04]} Rb4 {[%emt 0:00:37]} 40. Rxh6+ {[%emt 0:00:15]} Kc7 {[%emt 0:01:34]} 41. f5 {[%emt 0:08:18]} Rxa4 {[%emt 0:00:35]} 42. f6 {[%emt 0:00:41]} Kd7 {[%emt 0:00:44]} 43. f7 {[%emt 0:00:22]} Rf4 {[%emt 0:06:15]} 44. Rxb6 {[%emt 0:00:07]} a4 {[%emt 0:00:16]} 45. Ra6 {[%emt 0:00:17]} Ke7 {[%emt 0:00:23]} 46. Ra7+ {[%emt 0:00:03]} Kf8 {[%emt 0:00:11]} 47. Kg5 {[%emt 0:00:24]} Rxf7 {[%emt 0:01:28]} 48. Rxa4 {[%emt 0:00:29]} Kg7 {[%emt 0:00:50]} 49. h4 {[%emt 0:00:19]} Rb7 {[%emt 0:00:30]} 50. Ra5 {[%emt 0:00:03]} Rc7 {[%emt 0:01:03]} 51. h5 {[%emt 0:00:29]} Rb7 {[%emt 0:02:36]} 52. h6+ {[%emt 0:00:39]} Kh7 {[%emt 0:00:48]} 53. Kh5 {[%emt 0:00:05]} Rb1 {[%emt 0:04:12]} 54. Ra7+ {[%emt 0:01:19]} Kh8 {[%emt 0:00:06]} 55. g5 {[%emt 0:01:10]} Rb5 {[%emt 0:03:28]} 56. Re7 {[%emt 0:02:58]} Ra5 {[%emt 0:02:56]} 57. Kg6 {[%emt 0:01:01]} Ra8 {[%emt 0:03:05]} 58. Kf6 {[%emt 0:02:07]} Rf8+ {[%emt 0:03:32]} 59. Rf7 {[%emt 0:00:08]} Ra8 {[%emt 0:00:18]} 60. g6 {[%emt 0:00:33]} Ra6+ {[%emt 0:00:43]} 61. Kg5 {[%emt 0:00:02]} Ra5+ {[%emt 0:01:02]} 62. Rf5 {[%emt 0:00:02]} Ra8 {[%emt 0:00:10]} 63. Re5 {[%emt 0:00:36]} Rb8 {[%emt 0:00:42]} 64. h7 {[%emt 0:01:01]} Kg7 {[%emt 0:03:42]} 65. Re7+ {[%emt 0:00:05]} Kh8 {[%emt 0:00:03]} 66. Kh6 {[%emt 0:00:04]} Rg8 {[%emt 0:01:00]} 67. Re8 {[%emt 0:00:08]} Rxe8 {[%emt 0:00:06]} 68. g7# {[%emt 0:00:32]} 1-0

[Event "11th Dolomiti Open 2020"]
[Site "Forni di Sopra"]
[Date "2020.10.01"]
[Round "7.9"]
[White "Ollari, Luca"]
[Black "Bisignano, Giuseppe"]
[Result "1/2-1/2"]
[WhiteElo "1826"]
[BlackElo "1818"]
[Annotator "NA"]
[PlyCount "115"]
[EventDate "2020.09.26"]
[EventType "swiss"]
[EventCountry "ITA"]
[SourceTitle "playchess.com"]
[Source "ChessBase"]
[SourceQuality "1"]
[TimeControl "40/5400+30:1800+30"]

1. e4 {[%emt 0:00:00]} c5 {[%emt 0:00:00]} 2. a3 {[%emt 0:00:00]} d6 {[%emt 0:00:08]} 3. b4 {[%emt 0:00:00]} a6 {[%emt 0:00:33]} 4. Bb2 {[%emt 0:03:04]} Nf6 {[%emt 0:01:07]} 5. Nc3 {[%emt 0:00:11]} Nc6 {[%emt 0:01:13]} 6. b5 {[%emt 0:03:49]} axb5 {[%emt 0:00:43]} 7. Bxb5 {[%emt 0:00:02]} e6 {[%emt 0:01:36]} 8. Nge2 {[%emt 0:00:53]} Bd7 {[%emt 0:01:06]} 9. O-O {[%emt 0:04:10]} Be7 {[%emt 0:00:06]} 10. f4 {[%emt 0:02:58]} O-O {[%emt 0:00:45]} 11. Ng3 {[%emt 0:07:36]} Qc7 {[%emt 0:02:52]} 12. Kh1 {[%emt 0:06:03]} Nd4 {[%emt 0:02:47]} 13. Bxd7 {[%emt 0:00:25]} Qxd7 {[%emt 0:00:14]} 14. Nce2 {[%emt 0:00:28]} Nxe2 {[%emt 0:04:23]} 15. Qxe2 {[%emt 0:00:24]} Ra4 {[%emt 0:05:16]} 16. d3 {[%emt 0:05:09]} Rc8 {[%emt 0:04:45]} 17. e5 {[%emt 0:17:48]} dxe5 {[%emt 0:03:35]} 18. fxe5 {[%emt 0:03:27]} Nd5 {[%emt 0:01:28]} 19. c4 {[%emt 0:00:09]} Nc7 {[%emt 0:01:09]} 20. Qf2 {[%emt 0:02:08]} Bh4 {[%emt 0:03:55]} 21. Qxc5 {[%emt 0:04:17]} Bxg3 {[%emt 0:02:16]} 22. hxg3 {[%emt 0:00:22]} b5 {[%emt 0:05:40]} 23. Qd6 {[%emt 0:06:13]} Rd8 {[%emt 0:03:43]} 24. cxb5 {[%emt 0:05:16]} Qxd6 {[%emt 0:02:26]} 25. exd6 {[%emt 0:00:02]} Nxb5 {[%emt 0:00:12]} 26. Rf4 {[%emt 0:04:34]} Rxf4 {[%emt 0:04:09]} 27. gxf4 {[%emt 0:00:03]} Rxd6 {[%emt 0:00:19]} 28. Be5 {[%emt 0:01:43]} Ra6 {[%emt 0:01:32]} 29. Rb1 {[%emt 0:01:13]} f6 {[%emt 0:00:40]} 30. Bxf6 {[%emt 0:02:57]} gxf6 {[%emt 0:01:51]} 31. Rxb5 {[%emt 0:00:06]} Rxa3 {[%emt 0:00:19]} 32. Rb6 {[%emt 0:03:37]} Kf7 {[%emt 0:00:29]} 33. Rd6 {[%emt 0:06:57]} Ra4 {[%emt 0:04:34]} 34. g3 {[%emt 0:02:16]} Ra2 {[%emt 0:00:54]} 35. Kg1 {[%emt 0:03:35]} h5 {[%emt 0:00:21]} 36. Kf1 {[%emt 0:01:08]} Rd2 {[%emt 0:00:39]} 37. Kg1 {[%emt 0:02:37]} Kg6 {[%emt 0:03:10]} 38. Rxe6 {[%emt 0:00:16]} Rxd3 {[%emt 0:00:10]} 39. Kf2 {[%emt 0:00:16]} Kf5 {[%emt 0:00:45]} 40. Re8 {[%emt 0:00:28]} h4 {[%emt 0:01:05]} 41. gxh4 {[%emt 0:31:00]} Rh3 {[%emt 0:31:23]} 42. Rh8 {[%emt 0:01:40]} Kxf4 {[%emt 0:00:17]} 43. Kg2 {[%emt 0:01:04]} Ra3 {[%emt 0:01:29]} 44. Rg8 {[%emt 0:00:37]} Ra7 {[%emt 0:00:52]} 45. Kh3 {[%emt 0:00:00]} f5 {[%emt 0:00:00]} 46. Kg2 {[%emt 0:00:00]} Re7 {[%emt 0:00:00]} 47. Rg6 {[%emt 0:00:00]} Ke3 {[%emt 0:00:00]} 48. Rf6 {[%emt 0:00:00]} f4 {[%emt 0:00:00]} 49. Kf1 {[%emt 0:00:00]} Rh7 {[%emt 0:00:00]} 50. Re6+ {[%emt 0:00:00]} Kf3 {[%emt 0:00:00]} 51. Ra6 {[%emt 0:00:00]} Rxh4 {[%emt 0:00:00]} 52. Ra3+ {[%emt 0:00:00]} Kg4 {[%emt 0:00:00]} 53. Kg2 {[%emt 0:00:00]} Rh6 {[%emt 0:00:00]} 54. Rb3 {[%emt 0:00:00]} Rc6 {[%emt 0:00:00]} 55. Kf1 {[%emt 0:00:00]} f3 {[%emt 0:00:00]} 56. Rb8 {[%emt 0:00:00]} Rc1+ {[%emt 0:00:00]} 57. Kf2 {[%emt 0:00:00]} Rc2+ {[%emt 0:00:00]} 58. Kf1 {[%emt 0:07:59]} 1/2-1/2

[Event "11th Dolomiti Open 2020"]
[Site "Forni di Sopra"]
[Date "2020.10.02"]
[Round "8.1"]
[White "Cumming, Rhys"]
[Black "Valsecchi, Alessio"]
[Result "0-1"]
[WhiteElo "2299"]
[BlackElo "2491"]
[Annotator "ChessBase"]
[PlyCount "102"]
[EventDate "2020.09.26"]
[EventType "swiss"]
[EventCountry "ITA"]
[SourceTitle "playchess.com"]
[Source "ChessBase"]
[SourceQuality "1"]
[TimeControl "40/5400+30:1800+30"]

1. e4 {[%emt 0:05:23]} e6 {[%emt 0:00:00]} 2. d4 {[%emt 0:00:04]} d5 {[%emt 0:00:00]} 3. Nd2 {[%emt 0:00:03]} h6 {[%emt 0:00:16]} 4. Ngf3 {[%emt 0:04:41]} Nf6 {[%emt 0:00:32]} 5. exd5 {[%emt 0:03:43]} exd5 {[%emt 0:00:16]} 6. Bd3 {[%emt 0:01:55]} Nc6 {[%emt 0:03:16]} 7. c3 {[%emt 0:03:31]} Bd6 {[%emt 0:00:13]} 8. O-O {[%emt 0:02:19]} O-O {[%emt 0:03:57]} 9. Re1 {[%emt 0:01:42]} Re8 {[%emt 0:03:20]} 10. Rxe8+ {[%emt 0:04:31]} Qxe8 {[%emt 0:00:10]} 11. Nf1 {[%emt 0:00:06]} Be6 {[%emt 0:10:01]} 12. Ng3 {[%emt 0:03:23]} Qd7 {[%emt 0:01:43]} 13. Nh4 {[%emt 0:05:20]} Bxg3 {[%emt 0:05:12]} 14. hxg3 {[%emt 0:01:11]} Re8 {[%emt 0:00:11]} 15. Qc2 {[%emt 0:05:01]} Ne4 {[%emt 0:08:33]} 16. Be3 {[%emt 0:05:23]} g5 {[%emt 0:05:27]} 17. Nf3 {[%emt 0:01:02]} Bf5 {[%emt 0:00:52]} 18. Re1 {[%emt 0:06:33]} f6 {[%emt 0:01:08]} 19. Bc1 {[%emt 0:04:34]} Kg7 {[%emt 0:00:39]} 20. Re3 {[%emt 0:02:05]} Re7 {[%emt 0:08:13]} 21. Nd2 {[%emt 0:08:43]} Nd6 {[%emt 0:00:54]} 22. Nf1 {[%emt 0:00:41]} b5 {[%emt 0:06:01]} 23. Rxe7+ {[%emt 0:07:53]} Nxe7 {[%emt 0:01:41]} 24. b3 {[%emt 0:00:53]} a6 {[%emt 0:19:30]} 25. Ba3 {[%emt 0:02:34]} Qe6 {[%emt 0:01:21]} 26. Ne3 {[%emt 0:02:41]} Bxd3 {[%emt 0:00:48]} 27. Qxd3 {[%emt 0:00:05]} Nef5 {[%emt 0:01:42]} 28. Nxf5+ {[%emt 0:03:47]} Nxf5 {[%emt 0:00:40]} 29. Kf1 {[%emt 0:01:12]} h5 {[%emt 0:02:31]} 30. Qe2 {[%emt 0:00:28]} Qe4 {[%emt 0:03:49]} 31. Qxe4 {[%emt 0:02:02]} dxe4 {[%emt 0:00:02]} 32. Ke2 {[%emt 0:03:03]} c6 {[%emt 0:00:21]} 33. Bc5 {[%emt 0:03:35]} Kf7 {[%emt 0:00:02]} 34. c4 {[%emt 0:03:37]} Ke6 {[%emt 0:00:06]} 35. Kd2 {[%emt 0:01:00]} bxc4 {[%emt 0:01:09]} 36. bxc4 {[%emt 0:00:05]} e3+ {[%emt 0:00:40]} 37. Ke2 {[%emt 0:00:33]} exf2 {[%emt 0:02:39]} 38. Kxf2 {[%emt 0:00:01]} g4 {[%emt 0:00:08]} 39. a3 {[%emt 0:01:31]} Kd7 {[%emt 0:00:05]} 40. d5 {[%emt 0:00:39]} cxd5 {[%emt 0:09:05]} 41. cxd5 {[%emt 0:30:14]} Ne7 {[%emt 0:32:15]} 42. Ke3 {[%emt 0:00:00]} Nxd5+ {[%emt 0:00:00]} 43. Ke4 {[%emt 0:00:00]} Ke6 {[%emt 0:00:00]} 44. Bf2 {[%emt 0:00:00]} f5+ {[%emt 0:00:00]} 45. Kd4 {[%emt 0:00:00]} Kd6 {[%emt 0:00:00]} 46. Be1 {[%emt 0:00:00]} Nf6 {[%emt 0:00:00]} 47. Bb4+ {[%emt 0:00:00]} Ke6 {[%emt 0:00:00]} 48. Kc5 {[%emt 0:00:00]} Ne4+ {[%emt 0:00:00]} 49. Kb6 {[%emt 0:00:00]} Nxg3 {[%emt 0:00:00]} 50. Bc5 {[%emt 0:00:00]} h4 {[%emt 0:00:00]} 51. Kxa6 {[%emt 0:01:02]} Ne2 {[%emt 0:00:00]} 0-1

[Event "11th Dolomiti Open 2020"]
[Site "Forni di Sopra"]
[Date "2020.10.02"]
[Round "8.2"]
[White "Basso, Pier Luigi"]
[Black "Moroni, Luca Jr"]
[Result "1/2-1/2"]
[WhiteElo "2603"]
[BlackElo "2530"]
[Annotator "RC"]
[PlyCount "23"]
[EventDate "2020.09.26"]
[EventType "swiss"]
[EventCountry "ITA"]
[SourceTitle "playchess.com"]
[Source "ChessBase"]
[SourceQuality "1"]
[TimeControl "40/5400+30:1800+30"]

1. d4 {[%emt 0:00:00]} d5 {[%emt 0:00:00]} 2. c4 {[%emt 0:00:00]} c6 {[%emt 0:00:00]} 3. Nf3 {[%emt 0:00:00]} Nf6 {[%emt 0:00:00]} 4. cxd5 {[%emt 0:00:00]} cxd5 {[%emt 0:00:00]} 5. Nc3 {[%emt 0:00:00]} Nc6 {[%emt 0:00:00]} 6. Bf4 {[%emt 0:00:00]} Bf5 {[%emt 0:00:00]} 7. e3 {[%emt 0:00:00]} e6 {[%emt 0:00:00]} 8. Bd3 {[%emt 0:00:00]} Bxd3 {[%emt 0:00:00]} 9. Qxd3 {[%emt 0:00:04]} Bd6 {[%emt 0:00:00]} 10. Bxd6 {[%emt 0:00:06]} Qxd6 {[%emt 0:00:00]} 11. O-O {[%emt 0:00:05]} O-O {[%emt 0:00:04]} 12. Rac1 {[%emt 0:00:03]} 1/2-1/2

[Event "11th Dolomiti Open 2020"]
[Site "Forni di Sopra"]
[Date "2020.10.02"]
[Round "8.3"]
[White "Heberla, Bartlomiej"]
[Black "Gumularz, Szymon"]
[Result "1-0"]
[WhiteElo "2566"]
[BlackElo "2518"]
[Annotator "TA"]
[PlyCount "157"]
[EventDate "2020.09.26"]
[EventType "swiss"]
[EventCountry "ITA"]
[SourceTitle "playchess.com"]
[Source "ChessBase"]
[SourceQuality "1"]

{[%evp 23,157,23,23,23,20,20,21,22,21,14,20,8,19,20,24,24,22,25,23,24,34,20,28,22,17,0,27,27,29,16,27,22,43,11,11,11,16,16,15,15,15,6,8,0,4,1,14,14,29,33,35,26,28,28,36,32,35,28,33,35,54,36,41,22,43,22,67,19,63,54,82,82,82,82,82,79,94,68,79,75,63,72,72,68,71,78,213,207,351,362,351,345,441,404,432,426,433,354,426,345,342,326,326,326,304,307,200,280,313,219,204,146,408,397,1340,1089,1201,783,1211,865,29978,29979,29981,29982,29982,29983,29983,29984,29984,29984,29985,29985,29985,29986,29996,29997]} 1. d4 Nf6 2. c4 e6 3. Nf3 d5 4. Nc3 Nbd7 5. Bg5 h6 6. Bh4 Be7 7. e3 O-O 8. Qc2 c5 9. cxd5 Nxd5 10. Bxe7 Qxe7 11. Nxd5 exd5 12. dxc5 Nxc5 13. Be2 {D61: Queen's Gambit Declined: Classical: 7 Qc2.} Bg4 14. O-O Rac8 15. Rac1 {The position is equal.} Qf6 16. Qc3 Qxc3 17. Rxc3 Ne4 18. Rcc1 Rxc1 19. Rxc1 Rc8 20. Rxc8+ Bxc8 $11 {[%mdl 4096] Endgame KBN-KBN} 21. Nd4 {[#]} Bd7 $146 ({Predecessor:} 21... Kf8 22. Kf1 Ke7 23. Ke1 Nd6 24. Bd3 h5 25. Kd2 Ne4+ 26. Bxe4 dxe4 27. Ne2 h4 {½-½ (27) Rook,D (2463)-Joppich,U (2467) ICCF email 2014}) 22. Bd1 Kf8 23. Bb3 Bc6 24. Kf1 Ke7 25. Ke2 Nc5 26. f3 a5 27. Kd2 Ne6 28. Nf5+ Kf6 29. Bc2 b5 30. a3 b4 31. axb4 axb4 32. Bd3 Bd7 33. Ng3 g6 34. Ne2 Nc5 35. Nc1 Ke5 36. Na2 b3 37. Nc3 g5 38. g3 f6 39. Be2 Kd6 40. Bd1 Ke5 41. f4+ Kd6 42. Bf3 Bc6 43. Bg4 Nb7 44. Nd1 Kc5 45. Kc3 Na5 46. Be2 Bd7 47. Nf2 Bf5 48. Nd3+ Kd6 49. Nc1 Bc2 50. Bb5 Kc5 51. Ba4 Nc4 52. Bxb3 Bxb3 53. Nxb3+ $14 {KN-KN} Kd6 54. e4 {And now Kd4 would win.} Nb6 (54... gxf4 $16 55. gxf4 Ne3) 55. fxg5 $18 fxg5 (55... hxg5 {keeps fighting.} 56. Nd2 dxe4) 56. Kd4 dxe4 57. Nd2 ({Weaker is} 57. Kxe4 Nc4 $16) 57... Ke6 58. Kxe4 Nd5 59. Kd4 Nc7 60. Nc4 h5 61. Ke4 Na6 62. Nd2 Nc5+ 63. Kd4 Na6 64. h3 Kf5 65. Nc4 Ke6 66. Ne3 Nb4 67. b3 {[%cal Bb2b3,Bb3b4][%mdl 32]} Na6 $2 {[%mdl 8192] [#] Black cannot hold the game after this.} (67... Na2 $16 {was called for.} 68. Kc4 Ke5) 68. Nd5 Kf5 $2 (68... Nb8 69. b4 Nc6+ 70. Kc5 Ne5) 69. b4 Nb8 70. b5 Nd7 71. b6 Nxb6 72. Nxb6 {KN-KPP. White mates.} h4 {[#]} 73. g4+ $1 Kf4 74. Nd5+ Kg3 75. Ke3 Kxh3 76. Kf3 Kh2 77. Kf2 Kh1 78. Nf6 h3 79. Ne4 {Accuracy: White = 89%, Black = 63%.} 1-0

[Event "11th Dolomiti Open 2020"]
[Site "Forni di Sopra"]
[Date "2020.10.02"]
[Round "8.4"]
[White "Seresin, Francesco"]
[Black "Blohberger, Felix"]
[Result "1/2-1/2"]
[WhiteElo "2371"]
[BlackElo "2467"]
[Annotator "ChessBase"]
[PlyCount "96"]
[EventDate "2020.09.26"]
[EventType "swiss"]
[EventCountry "ITA"]
[SourceTitle "playchess.com"]
[Source "ChessBase"]
[SourceQuality "1"]
[TimeControl "40/5400+30:1800+30"]

1. c4 {[%emt 0:00:00]} e6 {[%emt 0:00:00]} 2. Nf3 {[%emt 0:00:52]} Nf6 {[%emt 0:00:05]} 3. Nc3 {[%emt 0:00:32]} Bb4 {[%emt 0:00:29]} 4. Qc2 {[%emt 0:00:30]} O-O {[%emt 0:00:58]} 5. e3 {[%emt 0:00:44]} b6 {[%emt 0:02:17]} 6. a3 {[%emt 0:02:23]} Bxc3 {[%emt 0:01:01]} 7. Qxc3 {[%emt 0:00:10]} Bb7 {[%emt 0:00:06]} 8. Be2 {[%emt 0:00:50]} d6 {[%emt 0:01:49]} 9. O-O {[%emt 0:01:36]} Nbd7 {[%emt 0:03:11]} 10. b4 {[%emt 0:00:40]} e5 {[%emt 0:04:27]} 11. d3 {[%emt 0:03:15]} h6 {[%emt 0:04:14]} 12. Bb2 {[%emt 0:02:12]} Qe7 {[%emt 0:03:27]} 13. Nd2 {[%emt 0:07:37]} Rfe8 {[%emt 0:08:47]} 14. Rae1 {[%emt 0:11:24]} Nf8 {[%emt 0:02:11]} 15. Qc2 {[%emt 0:11:15]} Ng6 {[%emt 0:03:17]} 16. Bf3 {[%emt 0:06:20]} Bxf3 {[%emt 0:05:05]} 17. Nxf3 {[%emt 0:00:46]} Nd7 {[%emt 0:05:05]} 18. Nd2 {[%emt 0:07:37]} a5 {[%emt 0:09:22]} 19. Bc3 {[%emt 0:03:29]} axb4 {[%emt 0:02:26]} 20. axb4 {[%emt 0:01:21]} Nf6 {[%emt 0:04:04]} 21. d4 {[%emt 0:09:14]} Qd7 {[%emt 0:05:23]} 22. dxe5 {[%emt 0:04:36]} dxe5 {[%emt 0:00:29]} 23. Ra1 {[%emt 0:01:24]} Rxa1 {[%emt 0:05:41]} 24. Rxa1 {[%emt 0:00:30]} Qg4 {[%emt 0:00:25]} 25. f3 {[%emt 0:08:57]} Qe6 {[%emt 0:14:03]} 26. Qd3 {[%emt 0:07:29]} e4 {[%emt 0:05:43]} 27. Nxe4 {[%emt 0:01:26]} Nxe4 {[%emt 0:00:13]} 28. Qxe4 {[%emt 0:00:25]} Qxe4 {[%emt 0:00:09]} 29. fxe4 {[%emt 0:00:04]} Rxe4 {[%emt 0:00:15]} 30. Bd4 {[%emt 0:00:44]} Nf4 {[%emt 0:04:44]} 31. Rd1 {[%emt 0:05:35]} Ne6 {[%emt 0:01:57]} 32. c5 {[%emt 0:00:09]} bxc5 {[%emt 0:01:19]} 33. bxc5 {[%emt 0:00:18]} f5 {[%emt 0:00:40]} 34. g3 {[%emt 0:00:20]} Kf7 {[%emt 0:00:18]} 35. Kf2 {[%emt 0:00:19]} c6 {[%emt 0:01:23]} 36. Rb1 {[%emt 0:01:04]} Nxd4 {[%emt 0:01:02]} 37. exd4 {[%emt 0:00:05]} Rxd4 {[%emt 0:01:03]} 38. Rb6 {[%emt 0:00:14]} Rd2+ {[%emt 0:00:16]} 39. Kg1 {[%emt 0:00:23]} Kg6 {[%emt 0:01:04]} 40. Rxc6+ {[%emt 0:00:40]} Kh5 {[%emt 0:00:35]} 41. h3 {[%emt 0:31:32]} Rc2 {[%emt 0:01:29]} 42. Rc8 {[%emt 0:00:00]} Kg5 {[%emt 0:02:04]} 43. Rc7 {[%emt 0:00:00]} g6 {[%emt 0:01:43]} 44. Rc6 {[%emt 0:00:00]} Kh5 {[%emt 0:00:20]} 45. Rc8 {[%emt 0:00:00]} Kg5 {[%emt 0:01:30]} 46. Rc6 {[%emt 0:00:00]} Rc4 {[%emt 0:01:30]} 47. Kg2 {[%emt 0:00:00]} Rc3 {[%emt 0:02:48]} 48. Kh2 {[%emt 0:00:00]} Rc2+ {[%emt 0:03:00]} 1/2-1/2